000
00478nam a2200181Ia 4500
008
100917s9999 xx 000 0 und d
082
_b
10314
100
_a
इनामदार ना. सं.
245
_a
राऊ
260
_b
कान्टिनेंटल प्रकाशन
_c
1972
300
_a
418
365
_b
15
520
_a
कादंबरी
630
_a
राऊ
650
_a
कादंबरी
730
_a
राऊ
942
_c
BOOK
999
_c
615708
_d
615705